| 000 | 01077nam a22003737a 4500 | ||
|---|---|---|---|
| 001 | 0051443 | ||
| 003 | KOHA_MİRAKIL | ||
| 005 | 20260207003806.0 | ||
| 007 | ta | ||
| 008 | 150629b2014 tu |||gr||||#||||0|tur | | ||
| 020 | _a9786053953180 | ||
| 040 |
_aTR-BiSEU _btur _cTR-BiSEU _erda |
||
| 041 | 0 | _atur | |
| 044 | _ctu | ||
| 050 |
_aBL53 _b.C57 2014 |
||
| 100 | 1 | _aCirhinlioğlu, Fatma Gül. | |
| 245 | 1 |
_aDin psikolojisi/ _cFatma Gül Cirhinlioğlu ; Fatma Gül Cirhinlioğlu. |
|
| 250 | _a2. Basım | ||
| 264 | 1 |
_aAnkara : _bNobel Yayın Dağıtım _c2014 |
|
| 300 |
_aVII, 224 sayfa ; _c24 cm. |
||
| 336 |
_ametin _btxt _2rdacontent |
||
| 337 |
_aaracısız _bn _2rdamedia |
||
| 338 |
_acilt _bnc _2rdacarrier |
||
| 490 | 1 |
_aNobel yayın ; _vno. |
|
| 490 | 1 | _a1508. | |
| 490 | 1 |
_a Sosyal Bilimler ; _v91. |
|
| 500 | _aKaynakça var. | ||
| 650 | 0 |
_aPsikoloji, Din. _978650 |
|
| 650 | 0 |
_aPsychology, Religious. _922758 |
|
| 830 | 1 |
_aNobel yayın ; _vno. _91510 |
|
| 830 | 1 |
_a1508. _995697 |
|
| 830 | 1 |
_a Sosyal Bilimler ; _v91. _995451 |
|
| 942 |
_2lcc _cBK |
||
| 999 |
_c51267 _d51267 |
||